000 00898nam a2200265 a 4500
001 000014578
005 20240412074241.0
008 100115s2004 dr r 001 p spa d
020 _a9993477656
040 _aDO-SdBNP
_bspa
_cBNPHU
082 _aRD861.44
_bD542d
100 1 _aDíaz Carela, Cecilio
_910256
245 1 0 _aDécimas por la tangente /
_cCecilio Díaz Carela.
260 _aSanto Domingo :
_bUASD,
_c2004.
300 _a79 p. ;
_c21 cm.
490 1 _aLiteratura y sociedad
_v49
490 1 _aUniversidad Autónoma de Santo Domingo
_v986
590 _aInventariado, 2018/BT
650 0 _aPoesía dominicana
_966
650 0 _aLiteratura dominicana.
_967
710 1 _aUniversidad Autónoma de Santo Domingo
_972951
830 0 _aLiteratura y sociedad
_n49
_933005
830 0 _aUniversidad Autónoma de Santo Domingo
_n986
_933006
910 _aValidado. Control de calidad. MMOLINA
999 _c14164
_d14164